Transforming democracy : legislative campaign committees and political parties /

Bibliographic Details
Main Author: Shea, Daniel M.
Format: Book
Language:English
Published: Albany : State University of New York Press in cooperation with the Center for Party Development, Washington, DC, 1995.
Series:SUNY series in political party development.
Subjects:

MARC

Tag First Indicator Second Indicator Subfields
LEADER 00000cam a2200000 a 4500
001 in00001251069
005 20151003081841.0
008 940804s1995 nyu b 001 0 eng
010 |a  94032958  
020 |a 0791425517 (alk. paper) 
020 |a 0791425525 (pbk. : alk. paper) 
035 |a (OCoLC)31013400 
035 |9 AGU5111AM 
040 |a DLC  |c DLC  |d TXA  |d UtOrBLW 
043 |a n-us--- 
049 |a TXAM 
050 0 0 |a JK2276  |b .S47 1995 
082 0 0 |a 324.2747  |2 20 
100 1 |a Shea, Daniel M. 
245 1 0 |a Transforming democracy :  |b legislative campaign committees and political parties /  |c Daniel M. Shea. 
264 1 |a Albany :  |b State University of New York Press in cooperation with the Center for Party Development, Washington, DC,  |c 1995. 
300 |a xv, 238 pages ;  |c 24 cm. 
336 |a text  |b txt  |2 rdacontent 
337 |a unmediated  |b n  |2 rdamedia 
338 |a volume  |b nc  |2 rdacarrier 
490 1 |a SUNY series in political party development 
504 |a Includes bibliographical references (pages 223-234) and index. 
536 |a Donated by Susan Dixon Richardson and Joe C. Richardson, Jr. for the Jayne and William H. Mobley Collection in Presidential Studies. 
650 0 |a Political parties  |z United States  |x States. 
650 0 |a Political consultants  |z United States  |x States. 
650 0 |a Campaign management  |z United States  |x States. 
740 0 |a Legislative campaign committees. 
830 0 |a SUNY series in political party development. 
999 |a MARS 
999 f f |s 1ceb68bd-e489-3f5b-82dc-3912b17e4dfe  |i ffafe34c-2b92-34c5-8dba-b94b1e680702  |t 0 
952 f f |p ric  |a Texas A&M University  |b Rellis Campus  |c Joint Library Facility  |d Remote Storage  |t 0  |e JK2276 .S47 1995  |h Library of Congress classification  |i unmediated -- volume  |m A14819507587 
998 f f |a JK2276 .S47 1995  |t 0  |l Remote Storage